<?xml version="1.0" encoding="UTF-8"?><?xml-stylesheet type="text/xsl" href="static/style.xsl"?><OAI-PMH xmlns="http://www.openarchives.org/OAI/2.0/" xmlns:xsi="http://www.w3.org/2001/XMLSchema-instance" xsi:schemaLocation="http://www.openarchives.org/OAI/2.0/ http://www.openarchives.org/OAI/2.0/OAI-PMH.xsd"><responseDate>2026-06-04T07:56:16Z</responseDate><request verb="GetRecord" identifier="oai:riuma.uma.es:10630/8879" metadataPrefix="marc">https://riuma.uma.es/rest/oai/request</request><GetRecord><record><header><identifier>oai:riuma.uma.es:10630/8879</identifier><datestamp>2026-02-03T12:02:56Z</datestamp><setSpec>com_10630_2254</setSpec><setSpec>col_10630_37959</setSpec></header><metadata><record xmlns="http://www.loc.gov/MARC21/slim" xmlns:dcterms="http://purl.org/dc/terms/" xmlns:doc="http://www.lyncode.com/xoai" xmlns:xsi="http://www.w3.org/2001/XMLSchema-instance" xsi:schemaLocation="http://www.loc.gov/MARC21/slim http://www.loc.gov/standards/marcxml/schema/MARC21slim.xsd">
   <leader>00925njm 22002777a 4500</leader>
   <datafield ind2=" " ind1=" " tag="042">
      <subfield code="a">dc</subfield>
   </datafield>
   <datafield ind2=" " ind1=" " tag="720">
      <subfield code="a">Perles-Novas, Fabiola</subfield>
      <subfield code="e">author</subfield>
   </datafield>
   <datafield ind2=" " ind1=" " tag="720">
      <subfield code="a">San-Martín-García, Jesús Emilio</subfield>
      <subfield code="e">author</subfield>
   </datafield>
   <datafield ind2=" " ind1=" " tag="720">
      <subfield code="a">Canto-Ortiz, Jesús María</subfield>
      <subfield code="e">author</subfield>
   </datafield>
   <datafield ind2=" " ind1=" " tag="260">
      <subfield code="c">2015-02-18</subfield>
   </datafield>
   <datafield ind2=" " ind1=" " tag="520">
      <subfield code="a">La violencia en parejas adolescentes está recibiendo cada vez una mayor atención. Una de las variables que puede estar relacionada con este comportamiento es la justificación de la violencia. Estudios recientes, realizados con jóvenes españoles encuentran que determinados comportamientos de abuso en la pareja no son considerados importantes. El presente trabajo se ha centrado en el análisis de las diferencias de género en la justificación de comportamientos violentos en  la pareja y su relación con el sexismo y la cultura del honor. Han participado un total de 597 estudiantes de educación secundaria y de primer curso de titulaciones universitarias. Se han analizado las diferencias de género en las variables estudiadas, la relación entre las mismas y la capacidad predictiva del sexismo y la cultura del honor sobre la justificación de la violencia. Los resultados muestran que no existen diferencias de género en la justificación de la violencia. En sexismo hostil, benevolente y cultura del honor los jóvenes puntúan más alto que las jóvenes. La relación entre las variables estudiadas refleja diferencias de género. Las variables que predicen la justificación de la violencia psicológica son la cultura del honor, el género y el sexismo hostil. El sexismo hostil fue la única variable predictiva de la justificación de la violencia física leve. Los resultados de este trabajo apoyan la necesidad de profundizar en las variables estudiadas para el diseño de programas preventivos.</subfield>
   </datafield>
   <datafield ind1="8" ind2=" " tag="024">
      <subfield code="a">http://hdl.handle.net/10630/8879</subfield>
   </datafield>
   <datafield tag="653" ind2=" " ind1=" ">
      <subfield code="a">Mujeres - Malos tratos</subfield>
   </datafield>
   <datafield tag="653" ind2=" " ind1=" ">
      <subfield code="a">Jóvenes</subfield>
   </datafield>
   <datafield ind2="0" ind1="0" tag="245">
      <subfield code="a">Justificación de la violencia en parejas jóvenes heterosexuales: su relación con el sexismo y la cultura del honor</subfield>
   </datafield>
</record>
</metadata></record></GetRecord></OAI-PMH>